000 00784pam a2200253 a 4500
999 _c4752
_d4752
001 253
003 BD-DhUAP
005 20201118153548.0
008 201118s1989 nyua b 001 0 eng
020 _a0895735709
020 _a3527264361
040 _aDLC
_cDLC
_dBD-DhUAP
_beng
050 0 0 _aQD95
_b.P58 1989
082 0 0 _a543.5 POL
_223
100 1 _aPolster, Jurgen.
245 1 0 _aSpectrometric titrations :
_banalysis of chemical equilibria /
_cJurgen Polster and Heinrich Lachmann.
260 _aNew York :
_bVCH Publishers,
_cc1989.
300 _axvi, 433 pages :
_billustrations ;
_c25 cm.
504 _aIncludes index and bibliographical references.
650 0 _aSpectrum analysis.
650 0 _aChemical equilibrium.
700 1 _aLachmann, Heinrich.
942 _2ddc
_cBK